Fyzikální chemie povrchů a koloidních soustav

Enregistré dans:
Détails bibliographiques
Auteur principal: Bartovská, Lidmila
Autres auteurs: Šišková, Marie
Format: Livre
Langue:tchèque
Publié: Praha Vysoká škola chemicko-technologická 2005
Édition:5. vyd.
Sujets:
Accès en ligne:Voir à l'OPAC
Tags: Ajouter un tag
Pas de tags, Soyez le premier à ajouter un tag!

MARC

LEADER 00000nam a2200000 a 4500
005 20260127134245.0
008 051018 2002 xr 000 0 cze d
020 |a 807080579X 
035 |a vtls008888638 
039 9 |y 200612070946  |z mschk03 
040 |a STUSCHK1  |b slo  |c STUSCHK1  |e AACR2 
080 |a 541.1:541.182(075.8) 
100 1 |a Bartovská, Lidmila  |9 483 
245 1 |a Fyzikální chemie povrchů a koloidních soustav 
250 |a 5. vyd. 
260 |a Praha  |b Vysoká škola chemicko-technologická  |c 2005 
300 |a 244 s. 
650 0 |a koloidné sústavy  |x fyzikálna chémia  |y učebnica vysokoškolská 
700 1 |a Šišková, Marie 
910 |a SCHK95 
919 |a 80-7080-579-X 
999 |c 8040  |d 8040